[Event "Winterthur"]
[Site "Winterthur"]
[Date "1996.??.??"]
[Round "2"]
[White "Hug, Werner"]
[Black "Hjartarson, Johann"]
[Result "1/2-1/2"]
[WhiteElo "2445"]
[BlackElo "2565"]
[Annotator "Hjartarson,J"]
[PlyCount "139"]
[EventDate "1996.09.??"]
[EventType "tourn"]
[EventRounds "11"]
[EventCountry "SUI"]
[EventCategory "9"]
[SourceTitle "CBM 055"]
[Source "ChessBase"]
[SourceDate "1996.12.01"]
[SourceVersion "1"]
[SourceVersionDate "1996.12.01"]
[SourceQuality "1"]

1. Nf3 {Horn,Pe} d5 2. g3 Nf6 3. Bg2 c6 4. O-O Bf5 5. d3 e6 6. c4 dxc4 7. dxc4
Qxd1 8. Rxd1 Nbd7 {Karpov} 9. Nc3 (9. Be3 {Horn,Pe} Bc5 (9... Bb4 10. h3 Bc2
11. Rc1 Bg6 12. Nbd2 a5 13. c5 a4 14. Rc4 Nd5 $13 {Suba-Chernin/Reggio Emilia/
86/87}) 10. Bxc5 Nxc5 11. Nc3 a5 12. b3 Nfe4 13. Nxe4 Bxe4 14. Ne5 Bxg2 15.
Kxg2 f6 16. Nd3 Nxd3 17. Rxd3 Ke7 18. Rad1 Rhd8 {1/2-1/2/Pigusov-Sveshnikov/
Kemerovo/1995}) 9... h6 {Horn,Pe: Karpovs Wahl in dieser Stellung} (9... Bb4 {
Horn,Pe} 10. Bd2 (10. Bf4 Bxc3 11. bxc3 O-O-O 12. Ne5 Nxe5 13. Bxe5 c5 14. a4
Ng4 $5 15. Bf4 e5 $132 {Karlsson-Hjartarson/Gausdal zt/1987}) 10... O-O-O (
10... Nb6 11. Ne5 (11. b3 O-O-O) 11... Bd6) 11. a3 Bxc3 12. Bxc3 Nc5 $6 13. Ne5
Bg6 14. b4 $16 {Kengis-Vitolinsh/Riga/1987}) 10. Bf4 {Horn,Pe: Provokativ
gespielt: der B ist hier Angriffen ausgesetzt. Auf b2 hätte der B ein
ruhigeres Leben. Aber auch in diesem Fall scheint die schwarze Stellung sehr
solide zu sein.} (10. h3 $5 Bc2 (10... Bc5 $6 11. Nd4 Bh7 12. Na4 Be7 13. Be3
Be4 14. Nb3 $1 Bxg2 15. Kxg2 O-O 16. Na5 $16 {Dizdarevic,E-Mithrakanth,P/
Moscow olm (06) BIH-IND ;EXP 44 1994}) 11. Rd2 $5 (11. Re1 Bh7 (11... Bb4 $5
12. Bd2 (12. Nd4 Bxc3 13. bxc3 Be4 $15) 12... a5 {Karpov}) 12. Be3 Bb4 (12...
Bc5 13. Bxc5 Nxc5 14. b4 (14. Ne5 a5 $10) 14... Nce4 $10 {Karpov}) 13. Rec1 O-O
$6 (13... Bc5 $5 {Karpov}) (13... Bc5 $5) 14. Na4 $1 $14 {Kortchnoi,V-Karpov,
An/Tilburg/1986Inf/42/5} (14. Na4 $1 $14 Be7 15. Nd2 Rfd8 16. Nb3 Be4 17. Na5 (
17. f3 Bg6 18. Na5 Rab8 $10) 17... Bxg2 18. Kxg2 Rab8 $10 {Korchnoi-Karpov/
Tilburg/1986})) 11... Bh7 {Karpov: /\ Bb4} 12. b3 Be7 (12... Bb4 13. Bb2 O-O-O
(13... Bxc3 $2 14. Bxc3 Ne4 15. Bxg7 Rg8 16. Bxh6 Nxd2 17. Bxd2 $16) (13... Ne4
$140 $2 14. Nxe4 Bxe4 15. Rxd7 Kxd7 16. Ne5+ $18) 14. Rad1 $14) 13. Bb2 O-O 14.
Rad1 Rfd8 15. Kf1 (15. Na4 $5 Be4) 15... Kf8 $1 16. a3 Nc5 17. Rxd8+ Rxd8 18.
Rxd8+ Bxd8 19. Nd2 a5 $10 {1/2-1/2 Loginov,V-Biriukov,O/St.Petersburg Petrov 
(02) ;CBM 52 1996 (45)} (19... a5 {Horn,Pe} 20. b4 $36 {Loginov-Biriukov/St.
Petersburg Petrov/1996})) (10. Nd4 $6 Bh7 11. Nb3 (11. Ncb5 $2 cxb5 12. Nxb5
O-O-O 13. Nxa7+ Kb8 14. Nb5 Be7 15. Be3 Be4 $19 {Kot,J-Stratil,L/Gdynia
Dreszer-mem (11) ;EXT 88 1988/0-1 (55)}) 11... Bb4 $10) (10. b3 {Horn,Pe} Be7
11. Bb2 Rd8 (11... O-O $5) 12. e4 $1 Nxe4 13. Nxe4 Bxe4 14. Bxg7 Rg8 15. Bb2
Bxf3 16. Bxf3 Bf6 17. Bxf6 Nxf6 18. b4 Ke7 19. b5 $36 {Khalifman-Kakageldiev,
URS 1987}) 10... g5 $5 $146 {nimmt den Herausforderung an} (10... Bc5 $6 11.
Na4 Be7 12. Nd4 Bg6 13. Nb3 $32 O-O 14. Rac1 $14 (14. Na5 $2 Bc2) 14... a5 $2 (
14... e5 15. Be3 Bf5 16. Nac5 $14) 15. Bd6 Bxd6 16. Rxd6 Rfe8 17. Nbc5 $16 {
Matveeva,S-Shumiakina,T/ URS-chW/ Lvov/1991/1-0 (55)}) 11. Be3 Ng4 12. Bd2 (12.
Bd4 $2 e5 13. h3 (13. Nxe5 $2 Ngxe5 14. f4 gxf4 15. gxf4 Rg8 $19) 13... exd4
14. Nxd4 Nxf2 15. Kxf2 Bg6 $15 16. Nxc6 $140 $2 bxc6 17. Bxc6 O-O-O $1 $19)
12... Bg7 $1 {[%csl Gg7] Horn,Pe: Nun herrscht Schwarz auf der langen
Diagonalen a1-h8.} (12... Bc5 $6 13. Be1 $14) 13. Rac1 (13. h4 Nde5 (13... Nge5
{Horn,Pe} 14. hxg5 hxg5 15. Nxe5 Nxe5 16. b3 g4 {/\ 0-0-0}) 14. b3 (14. hxg5
Nxc4 $17) 14... O-O-O $1 $17 15. hxg5 $140 $2 Bc2 $19) (13. h3 {Horn,Pe} Nge5
14. Nxe5 Nxe5 15. b3 O-O-O) 13... O-O-O 14. b3 (14. h4 $6 Nde5 15. b3 Nxf3+ 16.
exf3 Ne5 17. hxg5 Nd3 18. gxh6 Bxc3 19. Bxc3 (19. Rxc3 Nb2 $19) 19... Nxc1 20.
Rxc1 Rxh6 $17) 14... Nc5 (14... Nge5 $10 {Horn,Pe}) 15. h3 $6 {When my
opponent played this move, I became very excited, because it seemd to me at
first glance, that he had made a blunder that would lose a pawn, by means of a
relatively simple combination on Black s part. However, things are not so
simple, as I realized quickly, since Black s minor pieces will become rather
misplaced after the ensuing complications and a very interesting situation
will arise.  kostet bereits einen P.} (15. Be1 $10) (15. Ne1 $142 $5 {Horn,Pe}
Bd4 16. e3 Bg7 $15) (15. b4 {Horn,Pe} Ne4 16. Nxe4 Bxe4 {[%csl Ge4,Gg7]} 17.
Nxg5 $5 hxg5 (17... Bxg2 18. Nxf7 $13) 18. Bxe4 $13) (15. Be1 $10 {Horn,Pe} Ne4
) 15... Nxf2 $1 16. Kxf2 Bxc3 17. Rxc3 (17. Bxc3 $2 Rxd1 18. Rxd1 Ne4+ 19. Ke3
Nxc3 20. Rc1 Nxa2 21. Ra1 Nb4 22. Rxa7 Kb8 $19) 17... Ne4+ 18. Ke3 $1 (18. Ke1
Rxd2 19. Rxd2 Nxc3 20. Ne5 Rf8 $17 {xe4}) 18... Rxd2 (18... Nxc3 $2 {Horn,Pe}
19. Bxc3 Rxd1 20. Bxh8 $16) 19. Rxd2 Nxc3 {Für den gewonnenen P muß sich
Schwarz jetzt Sorgen um den Nc3 machen. Er kommt nicht in heimatliche Gefilde
zurück und muß sich in Feindesland auf die Unterstützung durch den Bf5
verlassen.} 20. Ne5 {It was this position that I found very difficult to
evaluate, when reflecting on the consequences of the sacrifice on move 15.
Black has to be very careful, not to lose Nc3 or let White enter with his R or
N onto the 7th rank, under favourable circumstances.} (20. Nd4 {Horn,Pe} Bg6
$19) 20... Rf8 $8 (20... f6 $2 21. Nf7 (21. Nd7 $2 Rd8 22. Nxf6 Nd1+ $19) 21...
Rf8 22. Nxh6 $14) 21. g4 Bb1 22. a3 f6 23. Nd3 {[%cal Re3d4] This is the
critical position, upon which evaluation of the correctness of Black s 15th
move depends.} (23. Kd4 Ne4 24. Bxe4 Rd8+ 25. Kc3 Rxd2 $17) 23... f5 $2 (23...
Rd8 $1 {The only way, in which Black can claim an advantage.} 24. Nf2 Bg6 25.
Rxd8+ Kxd8 26. Kd2 Nb1+ 27. Kc1 Nxa3 {The Na3 is certainly miserably placed,
but it is quite difficult to take advantage of this for White so the
difference in material could easily be decisive in the end of the day.} 28. Ne4
$1 (28. e4 b5 $8 29. Kb2 b4 30. Nd3 a5 31. Nc5 e5 $17 32. Nb7+ $140 $2 Kc7 33.
Nxa5 Kb6 $19) (28. Be4 f5 29. Bd3 b5 30. Kb2 b4 $17) 28... f5 29. Nc5 fxg4 30.
hxg4 Nc2 31. Nxb7+ Kc7 32. Nc5 Kd6 $15 33. Nb7+ $140 Ke5 34. Bxc6 Nd4 $17) 24.
Ne5 $6 (24. Nc5 $142 f4+ (24... e5 25. Rd6 $44) (24... b6 $2 {Horn,Pe} 25. Nxe6
Re8 26. Rd6 f4+ 27. Kf2 $14) (24... Re8 {Horn,Pe} 25. Kd4 Ne4 26. Bxe4 Rd8+)
25. Kd4 Nxe2+ (25... Na2 {Horn,Pe} 26. Ke5 $132) 26. Rxe2 f3 27. Bxf3 Rxf3 28.
Rxe6 $10) (24. Kd4 $2 {Horn,Pe} Nxe2+ $1 $19) 24... f4+ (24... Be4 $5 25. Bxe4
(25. Bf3 f4+ 26. Kf2 (26. Kd4 $2 Nb1 $1 27. Rb2 Rd8+ 28. Kc5 (28. Kxe4 Nc3# {#}
) 28... b6+ 29. Kb4 a5+ 30. Ka4 Nc3# {#}) 26... Nb1 27. Rd6 Bc2 $15) 25... Nxe4
26. Rd7 Nc5 $15) 25. Kd4 Ne4 $8 26. Bxe4 Rd8+ 27. Bd5 (27. Kc3 $2 Bxe4 $17)
27... exd5 28. Nf7 $6 (28. c5 $44) 28... Rd7 29. Ne5 Re7 (29... Rd6 {Horn,Pe}
30. c5 (30. Nf7 Rf6 $17 31. Ne5 dxc4 32. Nxc4 f3 33. exf3 Rxf3) 30... Re6 31.
b4 {führt zu ähnlichem Spiel wie in der Partie}) 30. c5 {Dank der starken
Blockadefiguren Kd4+Ne5 ist es nicht so einfach für Schwarz, Fortschritte zu
machen (selbst nach Eroberung des Ph3).} (30. cxd5 $4 {Horn,Pe} c5+ $19) 30...
Be4 $15 31. b4 h5 $5 {Horn,Pe: Damit öffnet Schwarz sich Linien für den Turm.}
(31... Bg2 {Horn,Pe} 32. Rd1 Re6 33. Rg1 Bxh3 34. Rh1 Bg2 35. Rh2 $17) 32. gxh5
$6 (32. a4 a6 $15 (32... hxg4 33. hxg4 Rh7 34. b5 $44)) 32... Rh7 33. Rd1 {
sucht Spiel gegen g5} (33. h6 $6 {Horn,Pe} Rxh6 34. Nf7 Rxh3 35. Nxg5 $17)
33... Rxh5 34. Rg1 Rxh3 35. Rxg5 Rg3 $1 (35... Rxa3 36. Rg8+ $10 (36. Rg8+ {
Horn,Pe} Kc7 37. Rg7+ Kb8 38. Rg8+ Kc7 39. Rg7+ Kc8 40. Rg8+ Kc7 $10)) 36. Rh5
(36. Rg4 $5 {Horn,Pe} Rxg4 37. Nxg4 f3 38. exf3 Bxf3 $17) 36... Rxa3 37. Nf7 (
37. Rh8+ {Horn,Pe} Kc7 38. Rf8 Ra4 (38... a5 39. Rf7+ Kb8 40. Nd7+ Ka7 41. Ne5
Ka6 42. Nd7 Kb5 43. Ne5 Kxb4 44. Rxb7+ Ka4 45. Nxc6 $17) 39. Rf7+ Kd8 40. Rf8+
(40. Kc3 a5 41. bxa5 Rxa5 42. Rxb7) 40... Ke7 41. Rf7+ Ke6 42. Rxb7 Ra1 43.
Nxc6 Rd1+ 44. Kc3 d4+ 45. Nxd4+ Rxd4 46. Rxa7 $17) 37... Re3 (37... Kc7 {
Horn,Pe} 38. Nd6 Bg6 39. Rh8 b6 40. Rg8 Bh5 41. Rg7+ Kd8 42. Ke5 bxc5 43. bxc5
a5 44. Nf5 $132) 38. Nd6+ Kd7 39. Rh4 Rxe2 (39... Rb3 $2 40. Ke5 Rxb4 41. Rxf4
$44) 40. Rxf4 Ke6 $17 (40... b6 {Horn,Pe} 41. Rf7+ Ke6 42. Rc7 (42. Rxa7 Rd2+
43. Kc3 Rd3+ 44. Kb2 bxc5 45. bxc5 Bf3 $17) 42... Rd2+ 43. Kc3 Rd3+ 44. Kb2
bxc5 45. bxc5 Bf3 46. Rxc6 d4 47. Ra6 $15) 41. Nxb7 Rd2+ 42. Kc3 Rd3+ (42...
Rd1 $5 {Horn,Pe}) 43. Kb2 Ke5 $2 (43... Rd4 $1 44. Ka3 (44. Kc3 $2 Rc4+ 45. Kb3
Bc2+ $19) 44... Ke5 45. Rf7 Rd1 $17) 44. Rf7 Rd2+ 45. Kc3 Rd1 46. Re7+ Kf4 47.
Nd6 a6 {Horn,Pe: Danach wickelt Weiß in ein remisiges Turmendspiel ab.} (47...
d4+ $5 {Horn,Pe  Das wäre der aufregendere Gewinnversuch. Die folgenden
Varianten sind weder vollständig noch fehlerfrei, aber sie zeigen die
Schwierigkeiten, mit denen Weiß hier kämpft.} 48. Kb2 (48. Kb3 Bd3 49. Rc7 (49.
Rf7+ Ke5 50. Nc4+ Bxc4+ 51. Kxc4 Rc1+ 52. Kb3 Rc3+ 53. Kb2 a5 54. bxa5 Rxc5 55.
a6 Ra5 56. a7 c5 $19) (49. Rxa7 Rb1+ 50. Ka2 Rxb4 51. Rc7 Bb5 52. Ka3 Rb1 53.
Nxb5 cxb5 54. c6) 49... Rb1+ 50. Ka3 Ke3 51. Rxc6 Kd2 $19) 48... Rb1+ 49. Ka2
Bc2 (49... Bd3 50. b5 $1 cxb5 51. c6 b4 52. c7 b3+ 53. Ka3 Ba6 54. Re4+ $10)
50. b5 (50. Rxa7 $2 d3) 50... cxb5 (50... d3 51. Re4+ Kf3 52. Rd4 cxb5 (52...
Ke3 53. Nf5+) 53. c6 Rc1 $10) 51. c6 b4 52. Rf7+ (52. c7 b3+ 53. Ka3 Ra1+ 54.
Kb2 Ra2+ 55. Kc1 Bd3 $19) (52. Nc4 b3+ 53. Ka3 a5 $19) 52... Kg3 $1 (52... Kg5
53. Rg7+ Kh5 54. Rb7 b3+ 55. Ka3 Ra1+ 56. Kb2 Ra2+ 57. Kc1 Bg6 58. c7 Rc2+ 59.
Kd1 Rxc7 60. Rxc7 b2 61. Rb7 b1=R+ 62. Rxb1 Bxb1 63. Nb5 a5 64. Nxd4) 53. Rb7 (
53. c7 b3+ 54. Ka3 Ra1+ 55. Kb2 Ra2+ 56. Kc1 Bd3 $19) (53. Rg7+ Kh4 54. Rb7 b3+
55. Ka3 Ra1+ 56. Kb2 Ra2+ 57. Kc1 Bg6 58. c7 Rc2+ 59. Kd1 Bh5+ 60. Ke1 d3 $19)
53... b3+ 54. Ka3 Ra1+ 55. Kb2 Ra2+ 56. Kc1 Bg6 57. Rxb3+ d3 58. Rc3 Kf2 59.
Nc4 Ke2 $19) 48. Nxe4 dxe4 49. Kc2 (49. Re6 $2 Kf5 $1 $17 50. Rxc6 $140 e3)
49... Rd4 50. Re6 Rxb4 51. Rxc6 a5 $15 52. Kd2 Rb2+ (52... a4 {Horn,Pe} 53.
Rf6+ Ke5 54. Ra6 Kd4 55. c6 e3+ 56. Ke2 Rb2+ 57. Kf3 $10) 53. Kc3 Rb1 54. Kc2
Rb5 55. Kd2 Ke5 (55... e3+ 56. Ke2 Rb2+ 57. Ke1 Kf3 58. Rf6+ Ke4 59. c6 a4 60.
c7 Rc2 61. Re6+ $10) (55... a4 56. Rf6+ Ke5 57. Ra6 $10) 56. Rc8 Rb2+ (56... a4
{Horn,Pe} 57. c6 Kd6 58. Ra8 $10) 57. Kc3 Rb1 58. c6 Kd6 (58... a4 {Horn,Pe}
59. c7 Kd6 60. Re8 $10) 59. Re8 Rb4 60. Ra8 Ra4 61. Kb3 $10 Ra1 62. Kb2 Ra4 (
62... Rh1 $142 63. Rxa5 e3 64. c7 Kxc7 65. Re5 $10) 63. Kb3 Rb4+ 64. Kc3 Rb5
65. Kd4 Kxc6 66. Kxe4 Kb7 67. Rh8 a4 68. Kd3 a3 69. Rh1 Kb6 70. Ra1 1/2-1/2

[Event "Interzonal-16"]
[Site "Biel"]
[Date "1993.??.??"]
[Round "1"]
[White "Nalbandian, Tigran"]
[Black "Hjartarson, Johann"]
[Result "0-1"]
[WhiteElo "2485"]
[BlackElo "2605"]
[Annotator "Hjartarson,J"]
[PlyCount "78"]
[EventDate "1993.07.16"]
[EventType "swiss"]
[EventRounds "13"]
[EventCountry "SUI"]
[SourceTitle "CBM 037"]
[Source "ChessBase"]
[SourceDate "1993.12.01"]
[SourceVersion "1"]
[SourceVersionDate "1993.12.01"]
[SourceQuality "1"]

1. Nf3 Nf6 2. g3 d5 3. Bg2 c6 4. O-O Bg4 5. c4 e6 6. cxd5 exd5 7. d3 Nbd7 8.
Nbd2 Bc5 $5 (8... Be7) 9. Qc2 (9. h3 $5 Bxf3 (9... Bh5 10. Nb3 Bxf3 11. Bxf3
Bb6 12. a4 a5 13. Bd2 {/\ Bc3+/= Petrosian,A}) 10. Nxf3 O-O 11. a3 a5 12. b3
Re8 13. Bb2 Bf8 14. Qc2 Rc8 15. Rfe1 $14 {/\ Nd4, e4}) 9... O-O 10. h3 Bh5 11.
Nb3 (11. b3 $5 Re8 12. e3 (12. e4 $6 Bxf3 13. Bxf3 Bd4 14. Rb1 dxe4 15. dxe4
Nc5 $5 {/\ Nd3=/+}) 12... h6 {/\ Bg6} 13. Nh4 $5 $13) 11... Bb6 12. a4 a5 13.
Nbd4 {/\ 13...c5? 14.Nb5} (13. Bd2 $6 Re8 14. Bc3 c5 $5 $36) 13... Re8 14. b3
Bc5 $5 {/\ Bf8 ><g7, /^h8-a1} (14... Ne5 $5 $13) 15. Bb2 Bf8 16. Rae1 Nc5 $6 (
16... Bxf3 $5 17. Bxf3 {/\ e4}) 17. Nf5 $6 {/\ g4, Ng7} (17. Nd2 $5 {/\ f4, g4,
f5, e4-> ץh5 Kramnik,V}) 17... Bxf3 $1 $8 18. Bxf3 g6 19. Nd4 Na6 $132 20. e4
$6 (20. Bc3 $5 {/\} Nb4 21. Qb2) (20. Rd1 {/\ Rfe1=}) 20... Nb4 21. Qb1 Bg7 22.
Bg2 (22. Re3 Qb6 23. Rfe1 {/\ 24.e5 Nd7 25.e6|^} Nd7 $1 24. exd5 (24. Nc2 d4 $1
25. R3e2 Nxd3 $19) (24. Qa1 c5 {/\ d4 ><d3}) 24... Rxe3 25. fxe3 c5 26. Nb5
Bxb2 27. Qxb2 Nxd3 28. Qd2 Nxe1 29. Qxe1 {/\ d6} c4 $1 30. bxc4 (30. Qc3 Re8
31. Kf2 $8 cxb3 32. Qxb3 Nc5 $1 33. Qc4 Nxa4 $1 {/\ Qe3-+}) 30... Ne5 31. Qe2
$8 Rc8 {/\ Rc4, Qc5->>> ><c2}) (22. e5 Nd7 23. e6 Nc5 $1 (23... Ne5 $6 24.
exf7+ Kxf7 25. Be2 {/\ f4-f5<=>}) 24. exf7+ Kxf7 25. Rxe8 Qxe8 26. Re1 Qf8 27.
Bg4 Re8 {/\ h5-/+ ><d3}) (22. Bd1 {><h5} Nd7 23. f4 Nc5 (23... Qb6 24. e5 Nxe5
25. fxe5 Bxe5 $40 (25... Rxe5 $40)) 24. e5 Nbxd3 25. Re2 (25. Re3 Nxb2 26. Qxb2
Qb6 {/\ Ne6-/+}) 25... Nxb2 26. Qxb2 Qb6 27. Kg2 f6 $1 $17) (22. Bc3 Qb6 23.
Bxb4 axb4 $5 (23... Qxb4 24. Nc2 Qc3 25. Ne3 $5 Bh6 26. Re2 {/\} Bxe3 27. Rxe3
d4 28. Rc1 Qb4 (28... Qxc1+ $6 29. Qxc1 dxe3 30. Qxe3 {/\ Qb6+/=}) (28... Qd2
29. Ree1) 29. Ree1 {/\ Rc4, b4}) (23... Qxd4 24. Ba3 Rad8 25. Bb2 Qb4 26. Bxf6
$5 Bxf6 27. exd5 Rxe1 28. Qxe1 (28. Rxe1 cxd5 $15) 28... Bc3 (28... Qxb3 29.
dxc6 bxc6 30. Bxc6 $10) 29. Qe4 $5 $13)) 22... Qb6 23. Ne2 (23. e5 Nd7 $5 (
23... Nh5 24. Nf3 $8 Nxg3 25. Bd4 c5 26. Bxc5 $8 (26. fxg3 cxd4 $17) 26... Qxc5
27. d4 Qb6 28. fxg3 Nc6 $1 $36 {><d4, e5, g3})) (23. Rd1 Rad8 24. Rfe1 Nh5 $1
$36 {><g3} (24... Nd7 25. Nc2 $8)) 23... dxe4 $1 $15 24. dxe4 Nh5 25. Bxg7 (25.
Rd1 Rad8 $1) 25... Nxg7 26. Nc3 $2 (26. Rd1 $5 $15) 26... Rad8 $17 {|^} 27. Re3
$6 (27. Rd1 Ne6 $17) 27... Rd2 28. Rd1 Red8 29. Re2 (29. Bf1 $5) 29... R2d3 $1
30. Rxd3 Rxd3 31. Nd1 (31. Qc1 Qd4 32. Re3 $8 Rd2 $1) 31... Ne6 32. Re3 Rd2 $1
$40 33. Bf1 Qd4 34. Nc3 Nc2 $1 35. Ne2 Qb4 36. Rc3 Ned4 $1 $19 37. Rc4 Nf3+ 38.
Kg2 (38. Kh1 Qb6 $1 39. Rxc2 Qxf2 40. Bg2 $8 Ne1 $1) 38... Nce1+ $1 39. Kh1 Qb6
$1 0-1

[Event "Montecatini Terme"]
[Site "Montecatini Terme"]
[Date "2000.07.29"]
[Round "2"]
[White "Lputian, Smbat G"]
[Black "Ivanchuk, Vassily"]
[Result "0-1"]
[WhiteElo "2598"]
[BlackElo "2719"]
[Annotator "Horn,Pe"]
[PlyCount "48"]
[EventDate "2000.07.28"]
[EventType "tourn"]
[EventRounds "7"]
[EventCountry "ITA"]
[EventCategory "17"]
[SourceTitle "CBM 079"]
[Source "ChessBase"]
[SourceDate "2000.11.21"]
[SourceVersion "1"]
[SourceVersionDate "2000.11.21"]
[SourceQuality "1"]

1. Nf3 d5 2. g3 g6 3. c4 c6 4. Qa4 d4 5. b4 (5. d3 Bg7 6. Bg2 e5 7. O-O Ne7 8.
Nbd2 O-O 9. Qc2 a5 10. c5 Na6 11. Ne4 Be6 12. Nfd2 h6 13. Nc4 f5 14. Ned2 Nd5
15. a3 Qe7 $17 {Yermolinsky,A-Huzman,A/Pavlodar 1982}) (5. Bg2 Bg7 6. O-O Nf6 (
6... e5 7. e3 dxe3 8. dxe3 Nd7 9. Rd1 Nh6 10. e4 f6 11. c5 O-O 12. b4 $14 {
Gutman,L-Boehm,J/Dortmund 1985}) 7. d3 O-O 8. c5 Ne8 9. Bf4 Nd7 10. Rc1 e5 11.
Bg5 f6 12. Bd2 Qe7 {1/2-1/2 Loginov,V-Sakaev,K/Elista 1996}) 5... Nd7 $146 (
5... Bg7 6. d3 e5 7. Nbd2 Ne7 8. Bg2 O-O 9. O-O Qc7 10. Bb2 Rd8 11. a3 h6 12.
Qc2 a5 13. Nb3 a4 14. Nbd2 c5 15. Ne4 b6 {1/2-1/2 Nikolaidis,I-Kapnisis,S/
Korinthos 1999}) 6. Bb2 e5 7. e3 Bg7 {Ohne die Zugpaare Qa4/g3 gegen Nd7/c6
gibt es diese Stellung (ausgezeichnete Ergebnisse für Schwarz). Die
Verstellung des Springerfeldes c6 freut Weiß, aber seine dafür gewonnenen Züge
können nicht beeindrucken.} 8. Bg2 ({Kritisch ist} 8. exd4 e4 {Das ist die
Standardreaktion bei dieser Zentrumskonstellation.} ({Es kam aber auch} 8...
exd4 {in Frage, denn} 9. Nxd4 $2 {ist nicht gut möglich:} (9. Bg2 $142) 9...
Qe7+ $1 10. Be2 Bxd4 11. Bxd4 Qe4 12. Bxh8 Qxh1+ 13. Bf1 Ne5 $5 $40) 9. Ng1
Ngf6 (9... Nb6 10. Qc2) 10. Qb3 {und im Unterschied zur oben angedeuteten
Variante hat Schwarz ein echtes Bauernopfer gebracht.}) 8... Nh6 9. O-O (9.
exd4 e4 (9... exd4 10. O-O) 10. Ne5 Nb6 11. Qc2 f6 12. c5 fxe5 13. cxb6 Qxb6
14. O-O $11) 9... O-O 10. Na3 (10. exd4 e4 11. Ne1 Nb6 12. Qb3 Bxd4 $15) 10...
a5 $1 {Damit legt Ivanchuk die Schwächen der weißen Stellung am Damenflügel
bloß.} 11. exd4 e4 (11... exd4 12. c5 $13) 12. Ne1 Nb6 13. Qb3 axb4 14. Qxb4
Na4 (14... Bxd4 15. Bxd4 Qxd4 16. Nec2 Qd8 17. Bxe4) 15. Bc3 e3 $3 {Ich nehme
an, solche Züge spielt Ivanchuk gerne.} (15... Nf5 16. Nec2 Nxd4 17. Bxd4 Bxd4
18. Nxd4 Qxd4 $15) 16. fxe3 (16. dxe3 $2 c5 17. Qb3 Nxc3 18. Qxc3 cxd4 $19)
16... c5 17. dxc5 Nxc3 18. dxc3 Qd2 19. Nb5 Ng4 ({Nach} 19... Qxe3+ $6 20. Kh1
Ng4 {rettet Weiß die Qualität mit} 21. Qb2 $13) 20. Nf3 ({Lputian verspricht
sich nichts vom Erhalt des Pe3 mit} 20. e4 {.Nach} Qe3+ 21. Kh1 Nf2+ 22. Rxf2
Qxf2 23. a3 $13 {entsteht eine zur Partie vergleichbare Stellung: der Pe4 ist
sicher kein Prachtexamplar, aber imerhin lebt er noch.} {z.B.:} Rd8 (23... f5 {
scheint nicht durchzuschlagen:} 24. e5) 24. Nd6 Qd2 25. Rb1 $15) 20... Qxe3+
21. Kh1 Nf2+ 22. Rxf2 Qxf2 23. a4 $2 ({Mehr Widerstand versprach} 23. a3 $17)
23... Bd7 24. Nc7 $6 {Freundlicherweise erlaubt Lputian einen hübschen Schluß.}
({Auch} 24. Nbd4 {rettet nicht mehr:} Bc6 25. Nxc6 bxc6 $19) 24... Rxa4 $1 (
24... Rxa4 25. Rxa4 Bh3 26. Bxh3 Qxf3+ 27. Kg1 Bxc3 $19) 0-1